Advanced Polymeric Networks Based on Functional Co-polyesters

Saved in:
Bibliographic Details
Main Author: Mohammed Ahmed Ismael, Islam (Author)
Other Authors: Danko, Martin (Thesis advisor)
Format: Manuscript Book
Language:Slovak
English
Published: 2025
Subjects:
Online Access:http://is.stuba.sk/zp/portal_zp.pl?podrobnosti=172395
Tags: Add Tag
No Tags, Be the first to tag this record!

MARC

LEADER 00000ntm a22000003a 4500
001 stuzp87080
003 SK-STU
005 20251220210336.4
007 ta
008 150427s2015----xo-----f-mn---000-0-slo-d
040 |a STU  |b slo 
041 0 |a eng 
100 1 |a Mohammed Ahmed Ismael, Islam  |u 049370  |4 aut  |U FCHPT Ústav prírodných a syntetických polymérov  |T FCHPT Oddelenie plastov, kaučuku a vlákien  |X 113742  |U C9370  |Y 128  |7 113742 
242 0 1 |a Pokročilé polymérne siete z funkčných ko-polyesterov  |y slo 
245 1 0 |a Advanced Polymeric Networks Based on Functional Co-polyesters 
260 |c 2025 
650 4 |a Sulfóniové soli  |2 slo 
650 4 |a Dynamické siete  |2 slo 
650 4 |a Tulipalin A  |2 slo 
650 4 |a Transalkylácia  |2 slo 
650 4 |a Fyzikálne siete  |2 slo 
650 4 |a Kovalentné adaptabilné siete (CAN)  |2 slo 
650 4 |a Relaxácia napätia  |2 slo 
650 4 |a Samoliečenie  |2 slo 
650 4 |a Polyester  |2 slo 
650 4 |a Disulfid  |2 slo 
650 4 |a Ester kyseliny boritej  |2 slo 
650 4 |a Polyesters  |2 eng 
650 4 |a Transalkylation  |2 eng 
650 4 |a Physical networks  |2 eng 
650 4 |a Covalent adaptable networks (CANs)  |2 eng 
650 4 |a Stress-relaxation  |2 eng 
650 4 |a Sulfonium salts  |2 eng 
650 4 |a Tulipalin A  |2 eng 
650 4 |a Self-healing  |2 eng 
650 4 |a Dynamic networks  |2 eng 
650 4 |a Disulfide  |2 eng 
650 4 |a Boronic Acid ester  |2 eng 
700 1 |a Danko, Martin  |4 ths  |X 62121  |7 62121 
856 4 |u http://is.stuba.sk/zp/portal_zp.pl?podrobnosti=172395